书目信息 |
| 书名: | The teaching of English as an international language | |
| 作者: | ||
| 分册号: | ||
| 分册名: | 出版地: | Glasgow : |
|
| 出版社: | Collins | |
| 出版时间: | 1981. | |
| 页数: | 287 p. : | |
| 开本: | 22 cm. | |
| 丛书名: | ||
| 中图分类号: | ||
| 科图分类号: | ||
| 其他分类号: | H319-62 | |
| 主题词: | ||
| 电子资源: | ||
| 000 | 00834nam 2200193 a 4500 | |
| 001 | E0751010937 | |
| 005 | 20070225141521.87 | |
| 008 | uu | |
| 040 | @aNLC | |
| 049 | @aN5LA | |
| 090 | @a2/H319/TE/////////480861 | |
| 090 | @aH319-62 | |
| 096 | @aH319 @v2 | |
| 099 | @dH319-62@ex7 | |
| 245 | 04 | @aThe teaching of English as an international language |
| 260 | @aGlasgow :@bCollins,@c1981. | |
| 300 | @a287 p. :@bill. ;@c22 cm. | |
| 700 | 1 | @aAbbott, Gerry. @b00 @c20020930 @lNLC09 @h2244 @b00 @c20021016 @lNLC09 @h0136 @lNLC09 @h2231 @lNLC09 @h1823 @b00 @c20030121 @lNLC09 @h1112 @b00 @c20030121 @lNLC09 @h1112 @b00 @c20030121 @lNLC09 @h1403 @b00 @c20030123 @lNLC09 @h0956 @b00 @c20030123 @lNLC09 @h1024 @b00 @c20030210 @lNLC09 @h0406 @b00 @c20030212 @lNLC09 @h1504 @b00 @c20030212 @lNLC09 @h1542 |
| 852 | 9 | @bWWJC @cJ08S @k2 @hH319 @iTE |
| The teaching of English as an international language.-Glasgow : : Collins, , 1981. |
| 287 p. : : ill. ; ; 22 cm. |
| ISBN |
| ● |
| 相关链接 |
|
|
|
|
正题名:teaching of English as an international language
索取号:H319-62/x7
 
预约/预借
| 序号 | 登录号 | 条形码 | 馆藏地/架位号 | 状态 | 备注 |
| 1 | 182645 | 001200471 | 第二样本阅览室/ [索取号:H319-62/x7] | 在馆 | |
| 2 | 182646 | 001200480 | 第四借阅区/ [索取号:H319-62/x7] | 在馆 | |
| 3 | 182647 | 001200444 | 第四借阅区/ [索取号:H319-62/x7] | 在馆 |